Misterio y fiesta: introducción general a la liturgia
Uloženo v:
| Hlavní autor: | |
|---|---|
| Médium: | Kniha |
| Jazyk: | španělština |
| Vydáno: |
Santiago
Seminario Pontificio Mayor de Santiago
1990
|
| Vydání: | 4a. ed |
| Témata: | |
| Tagy: |
Přidat tag
Žádné tagy, Buďte první, kdo vytvoří štítek k tomuto záznamu!
|
MARC
| LEADER | 00000nam a2200000 a 4500 | ||
|---|---|---|---|
| 001 | UCX2662 | ||
| 003 | CL-VaPUC | ||
| 008 | 910717e19900000CL |||||||||||||||||spa|d | ||
| 082 | 0 | 4 | |a 264.02 |b PED |2 21 |
| 100 | 0 | |a Pedro Hernández, Aquilino de |e author |9 318696 | |
| 245 | 1 | 0 | |a Misterio y fiesta: introducción general a la liturgia |
| 250 | |a 4a. ed | ||
| 300 | |a 212 p | ||
| 942 | |c BK | ||
| 945 | |d 19910717 00:00:00 | ||
| 260 | |a Santiago |b Seminario Pontificio Mayor de Santiago |c 1990 | ||
| 650 | 0 | |a Liturgia enseñanza |9 318697 | |
| 583 | |a last modification |c 19910717 00:00:00 |k Rodrigo Vera | ||
| 999 | |c 223635 |d 223633 | ||
| 952 | |0 0 |1 0 |4 0 |6 264_020000000000000_PED_1990 |7 0 |8 A |9 219641 |a BIBTEO |b BIBTEO |d 2019-11-15 |i 2883287 |o 264.02 PED 1990 |p 2883287 |r 2025-01-17 |w 2019-11-15 |y BK |k ICR | ||